00941nam a22002537a 450000500170000001000150001702000260003203500140005803700090007208200110008110000280009224500800012025000060020026000430020627000950024930000200034470000280036470000340039270000370042670000330046394200220049699900190051895201500053720250807155944.0 aENG-146390 a9789395659949c350.00 aEN-129922 bDBAD a57021 aJoice, A. Anitha983945 aAI in Biotechnology:bTransforming Life Science/cA. Anitha Joice...[et.al] a1 aBangalorebBeyondline Publishersc2025 a513 Ground Floor, Arkavathi Layout, 19th Block, Chelikere, Kalyan NagarbBangaloree560043 a178p.c25cm(pb) aK. PriyaeAuthor983946 aU. BoominathaneAuthor983947 aA.T. Aji Jovitha eAuthor983948 aManimannan G.eAuthor983949 2ddccENh570mJOI c212938d212938 001040708NFICaMbMd2025-08-07eDelivery of Books Act Divisiong350.00l0o570 JOIpEN-129922r2025-08-07 00:00:00t1v350.00w2025-08-07yEN